MARC

LEADER 00000nam0a2200000 4500
001 230456
005 20231101231016.0
035 |a (RuTPU)RU\TPU\book\251318 
090 |a 230456 
100 |a 20130122d1946 km y0rusy50 ca 
101 0 |a rus 
102 |a RU 
105 |a ac z 000zb 
200 1 |a Тацит  |f И. М. Гревс  |g Академия наук СССР (АН СССР) 
210 |a Москва  |c Изд-во АН СССР  |d 1946 
215 |a 248 с.  |c портр. 
225 1 |a Научно-популярная серия 
317 |5 63413507: КР-316  |a Поступила в НТБ в 2004 г. в составе книжного собрания профессора ТПИ К. В. Радугина. 
600 0 |a Тацит  |c римский историк  |f около 58-около 117  |c полное имя Публий Корнелий Тацит  |2 stltpush  |3 (RuTPU)RU\TPU\pers\30406 
606 1 |a Историография Древнего мира  |2 stltpush  |3 (RuTPU)RU\TPU\subj\80801  |9 88364 
610 1 |a античность 
610 1 |a античные деятели 
610 1 |a Древний Рим 
610 1 |a римское общество 
610 1 |a биографии 
610 1 |a творчество 
610 1 |a римские историки 
610 1 |a библиотека К. В. Радугина 
610 1 |a владельческая надпись 
686 |a Т1(0)  |v LBC/SL-A  |2 rubbk 
700 1 |a Гревс  |b И. М. 
712 0 2 |a Академия наук СССР (АН СССР)  |2 stltpush  |3 (RuTPU)RU\TPU\col\722 
801 1 |a RU  |b 63413507  |c 20130122 
801 2 |a RU  |b 63413507  |c 20220929  |g RCR 
942 |c BK